Normal view
MARC view
- DE-MECH-33
Entry Topical Term
001 - CONTROL NUMBER
- control field: 71256
003 - CONTROL NUMBER IDENTIFIER
- control field: NUST
005 - DATE AND TIME OF LATEST TRANSACTION
- control field: 20210628204620.0
008 - FIXED-LENGTH DATA ELEMENTS
- fixed length control field: 210628|| aca||aabn | a|a d
040 ## - CATALOGING SOURCE
- Original cataloging agency: NUST
- Transcribing agency: NUST
150 ## - HEADING--TOPICAL TERM
- Topical term or geographic name entry element: DE-MECH-33
670 ## - SOURCE DATA FOUND
- Source citation: Work cat.: (NUST): Muhammad Abdullah Javed Malik Muhammad Asfandyar Khan Jawwad Rehman 71255, PR-SOF-1443-Development of Numerical Framework for Action Potential Propagation & Spiral Waves Formation to Analyze Cardiac Arrhythmias, 2011
